LEADER 01186nam 2200337Ia 450 001 9910696912303321 005 20230902162247.0 035 $a(CKB)5470000002383773 035 $a(OCoLC)501945381 035 $a(EXLCZ)995470000002383773 100 $a20100126d1998 ua 0 101 0 $aeng 135 $auran||||||||| 181 $ctxt$2rdacontent 182 $cc$2rdamedia 183 $acr$2rdacarrier 200 00$aGuidance for industry$b[electronic resource] $enational uniformity for nonprescription drugs : ingredient listing for OTC drugs 210 1$aRockville, MD :$cU.S. Dept. of Health and Human Services, Food and Drug Administration, Center for Biologics Evaluation and Research,$d[1998] 215 $a1 online resource (2 pages) 300 $a"Procedural guidance #2." 300 $a"April 1998." 517 $aGuidance for industry 606 $aDrugs, Nonprescription$xLabeling$zUnited States 615 0$aDrugs, Nonprescription$xLabeling 712 02$aCenter for Drug Evaluation and Research (U.S.) 801 0$bGPO 801 1$bGPO 906 $aBOOK 912 $a9910696912303321 996 $aGuidance for industry$93434577 997 $aUNINA